The annexation of Upper Burma, (Record no. 78388)

MARC details
000 -LEADER
fixed length control field 00800cam a22002291 4500
001 - CONTROL NUMBER
control field sa 68002019
003 - CONTROL NUMBER IDENTIFIER
control field DLC
005 - DATE AND TIME OF LATEST TRANSACTION
control field 20260227112439.0
008 - FIXED-LENGTH DATA ELEMENTS--GENERAL INFORMATION
fixed length control field 710903s1960 si b b 00010 eng
010 ## - LIBRARY OF CONGRESS CONTROL NUMBER
LC control number sa 68002019 //r882
043 ## - GEOGRAPHIC AREA CODE
Geographic area code a-br---
-- a-ii---
050 0# - LIBRARY OF CONGRESS CALL NUMBER
Classification number DS450.B8
Item number S5
100 10 - MAIN ENTRY--PERSONAL NAME
Personal name Singhal, Damodar P.
245 14 - TITLE STATEMENT
Title The annexation of Upper Burma,
Statement of responsibility, etc. by D. P. Singhal.
260 0# - PUBLICATION, DISTRIBUTION, ETC.
Place of publication, distribution, etc. Singapore,
Name of publisher, distributor, etc. Published by D. Moore for Eastern Universities Press,
Date of publication, distribution, etc. 1960.
300 ## - PHYSICAL DESCRIPTION
Extent 129 p.
Other physical details map.
Dimensions 19 cm.
500 ## - GENERAL NOTE
General note Rev. ed. published as: British diplomacy and the annexation of Upper Burma, 1981.
504 ## - BIBLIOGRAPHY, ETC. NOTE
Bibliography, etc. note Bibliography: p. 118-121.
651 #0 - SUBJECT ADDED ENTRY--GEOGRAPHIC NAME
Geographic name Burma
General subdivision Foreign relations
Geographic subdivision India.
651 #0 - SUBJECT ADDED ENTRY--GEOGRAPHIC NAME
Geographic name India
General subdivision Foreign relations
Geographic subdivision Burma.
651 #0 - SUBJECT ADDED ENTRY--GEOGRAPHIC NAME
Geographic name Burma
General subdivision Politics and government
Chronological subdivision 1824-1948.

No items available.

Powered by Koha